Loading...
Current Events | 1 | 10.00 | 100% | 0% | 0% |
Fine Arts - Auditory Fine Arts | 8 | 21.25 | 100% | 88% | 25% |
Fine Arts - Other Fine Arts | 8 | 20.00 | 88% | 75% | 38% |
Fine Arts - Visual Fine Arts | 7 | 21.43 | 100% | 71% | 43% |
History - American History | 4 | 20.00 | 100% | 75% | 25% |
History - European History | 7 | 11.43 | 71% | 43% | 0% |
History - Other History | 4 | 22.50 | 100% | 100% | 25% |
History - World History | 6 | 15.00 | 100% | 33% | 17% |
Literature - American Literature | 4 | 15.00 | 100% | 50% | 0% |
Literature - British Literature | 4 | 15.00 | 75% | 50% | 25% |
Literature - European Literature | 6 | 18.33 | 83% | 100% | 0% |
Literature - World Literature | 8 | 21.25 | 100% | 75% | 38% |
Mythology | 4 | 15.00 | 100% | 50% | 0% |
Other Academic | 1 | 10.00 | 100% | 0% | 0% |
Philosophy | 5 | 16.00 | 100% | 40% | 20% |
Pop Culture | 4 | 17.50 | 100% | 50% | 25% |
Popular Culture | 1 | 20.00 | 100% | 0% | 100% |
Religion | 6 | 13.33 | 100% | 17% | 17% |
Science - Biology | 7 | 14.29 | 86% | 57% | 0% |
Science - Chemistry | 4 | 12.50 | 100% | 25% | 0% |
Science - Other Science | 9 | 4.44 | 44% | 0% | 0% |
Science - Physics | 6 | 8.33 | 50% | 33% | 0% |
Social Science | 5 | 16.00 | 80% | 60% | 20% |